000 00782cam a2200265 a 4500
001 146345
003 OSt
005 20180921
008 0000001986 dr AN 0000000000 00
100 _aMonción D., Flavio
245 _aEstadísticas electorales de 1986 /
_cFlavio D. Monción
260 _aSanto Domingo :
_b[s. n.
300 _aiv, 134 p.
504 _aIncluye índice
650 _aElecciones
_aElescciones
040 _aDLC
_cDLC
942 _2ddc
_cBK
999 _c146345
_d14634500